Obec Veľký Folkmar predstavujeme obce/ inzercia

Bibliographic Details
Format: Article
Language:Slovak
PhysicalDescription:Fotogr.
ISSN:1338-841X
Subjects:

MARC

LEADER 00000nab a2200000 ar4500
001 vtls010557092
003 SK-MaSNL
005 20260303190309.0
008 170922c20120821xo mr|p|||||||000 b|slo
038 |a SNSK 
040 |b slo  |c SNSK  |e AACR2 
041 |a slo 
044 |a xo  |c SK 
080 |a 908.437.67  |2 2001 
245 0 0 |a Obec Veľký Folkmar  |b predstavujeme obce/ inzercia 
300 |b Fotogr. 
650 0 7 |a vlastiveda  |2 snsk  |9 3887 
651 7 |a Veľký Folkmar (Slovensko)  |2 snsk  |9 170236 
651 7 |a Gelnica (Slovensko : okres)  |2 snsk  |9 168677 
773 0 |t Spišskonovoveský Korzár  |g Roč. II., č. 34 (21.8.2012), s. 6  |x 1338-841X 
852 |a SNSK  |b KIS3GCP 
999 |c 2135541  |d 2137471